000 01017nam a2200277 a 4500
001 BRCA_2534
005 20190320203844.0
008 261108s1932----enka---###---#000-0#eng-u
041 _aeng
044 _aenk
050 4 _aNK4215
_b.Ch34 1932
100 1 _aChaffers, William
_d1811-1892
_97272
245 1 0 _aMarks and Monograms on European and Oriental Pottery and Porcelain
_cWilliam Chaffers.
260 _aLondres
_bReeves and Turner
_c1932
300 _a1095 p.
_bil.
_c26 cm.
500 _aIncluye índice temático y lista de ilustraciones
500 _a14th issue with extended list of sales prices, enlarged bibliography, etc.
500 _aLa biblioteca cuenta con la 15 ed., 1965 en 2 v. donado por el Dr. Héctor Rivero Borrell Vázquez y se encuentra en el Área de Investigación
500 _aA21
650 1 4 _aMarcas de cerámica
_97225
650 1 4 _aCerámica oriental
_97273
650 1 4 _aCerámica
_zEuropa
_97274
650 1 4 _aCerámica
_xHistoria
_91463
902 _aGFM
942 _2lcc
_cB
999 _c2275
_d2275